1202 1630 1931 1985 1590 1109 1220 1321 1429 1669 1662 1345 1971 1817 1283 1441 1875 1969 1518 1084 1232 1037 1846 1838 1966 1142 1792 1089 1079 1921 1184 1847 1432 1864 1769 1058 1142 1454 1454 1263 1798 1047 1894 1351 1043 1335 1633 1285 1998 1014 1098 1768 1169 1228 1513 1043 1898 1901 1227 1764 1524 1498 1280 1221 1933 1044 1309 1271 1034 1101 1991 1859 1235 1680 1011 1734 1543 1692 1014 1101 1148 1979 1960 1937 1750 1541 1183 1629 1160 1882 1753 1707 1847 1118 1311 1809 1366 1918 1037 BCNSPRNW ULIB Ver.6.0+V

เปลี่ยนเป็นภาษาไทย

Change to English
 แสดงรายละเอียดบรรณานุกรม
  กลับหน้าหลัก

Brief Record : Get Marc (ISO 2709) : E-mail record : QR code < ปิดหน้าต่าง
LEADER : 00000nam 2200000uu 4500
001    13399120049
003     ULIB
008    020711s2552 th a 000 0 tha d
020    9786165000086
090    นว.^bร147บ
100    ร่มแก้ว
245    แม่น้ำนี้ชื่อนิจนิรันดร์ /^cร่มแก้ว
260     กรุงเทพฯ^bพิมพ์คำ,^c2552
300    318 หน้า
945    ^p220^l0^i16288
999    ^aทศพร เกษรทอง
รายการนี้ยังไม่มีแท็ก
คุณยังไม่ได้ล็อกอิน คุณสามารถมีกิจกรรมร่วมกับเว็บไซต์ได้ แต่ต้องล็อกอินก่อน ::
  ล็อกอิน

รายการสื่อสารสนเทศ

ลำดับที่ ประเภท เลขเรียก/บาร์โค้ด สถานที่ สถานะ
1. นวนิยาย
นวนิยาย
นว. ร147บ ฉ.1 
  Barcode: 16288
ห้องสมุดวิทยาเขตสวรรค์ประชารักษ์
►นวนิยาย
บนชั้น
  ขอยืม

รายการใกล้เคียง
    ผู้แต่ง [ร่มแก้ว]

BibComment


ยังไม่เคยถูกคอมเมนท์

คอมเมนท์ทรัพยากรรายการนี้
  คอมเมนท์: แม่น้ำนี้ชื่อนิจน..


 Copyright 2026. Bcnsprnw @Library